000 00837nam a2200205Ii 4500
003 JO-AjNU
008 230605s9999||||xx |||||||||||||| ||und||
040 _aJO-AjNU
_bara
_erda
_cJO-AjNU
041 _aara
050 1 4 _aPJ8064.S38 1985
100 3 _aتحقيق وتقديم المومني، قاسم ؛ فخري كتاني,
_eauthor
_943257
245 0 0 _aشعراء عاشوا في قلعة عجلون في القرنين السابع والثامن الهجريين
250 _aط1
264 3 1 _aعمان: وزارة الثقافة السياحة والآثار، 1985
300 _a161ص
336 _atext
_btxt
_2rdacontent
337 _aunmediated
_bn
_2rdamedia
338 _avolume
_bnc
_2rdacarrier
650 4 _aالشعر العربي - الشعراء العرب - تراجم - الأردن - قلعة عجلون
_943258
999 _aA18584
_c22152
_d22152